000 00512nam a2200181Ia 4500
005 20250326125220.0
008 250326s9999 xx 000 0 und d
037 _aTextbook
040 _aFMSL
_beng
_cFMSL
041 _aeng
_2eng
084 _aX5:54.7 L3
_qFMSL
100 _aUrquidi V L
_9736870
245 0 _aLatin America in the inyternational economy
_cUrquidi V L; Thorp R
260 _aNY
_bNY, Macmillan
_c1973
300 _a430p
942 _cTB
_hX5:54.7 L3
999 _c1277049
_d1277049